00441 2200181 4500001002100000005001500021008004100036020002000077035001900097041000700116082000800123090001400131100002600145245002200171260002800193300001800221650002000239INLIS00000000001528820241224114914241224||||||||| | ||| |||| || |  a978-84236-858-9 0010-1224015288 aid0 a500 a500 BED s0 aCamila de la Bedoyere00a100 fakta tentang aBandungbExamediac2007 a48hlm;17x25cm 0ailmu ilmu murni